LEADER 01031nam0-2200361---450- 001 990008314480403321 005 20121009152006.0 035 $a000831448 035 $aFED01000831448 035 $a(Aleph)000831448FED01 035 $a000831448 100 $a20060421d1972----km-y0itay50------ba 101 0 $aita 102 $aIT 105 $aa-------001yy 200 1 $aAlimenti di origine animale$eanalisi pratiche di laboratorio$fG. Cirilli, A. Brusco 210 $aBologna$cCooperativa libraria universitaria$d1972 215 $a90 p.$cill.$d24 cm 610 0 $aAlimenti$aAnalisi 676 $a641 700 1$aCirilli,$bGiovanni$0354468 701 1$aBrusco,$bA.$c$0424629 801 0$aIT$bUNINA$gRICA$2UNIMARC 901 $aBK 912 $a990008314480403321 952 $a80 IX 71 CFT (7)$bCFT$fFFABC 952 $a614-10$b6757$fDMVBF 952 $a53 C 26$b8183$fDMVAP 959 $aFFABC 959 $aDMVAP 959 $aDMVBF 996 $aAlimenti di origine animale$9744507 997 $aUNINA LEADER 01139nam 2200337 450 001 996279877703316 005 20170928085756.0 010 $a0-7381-3653-0 035 $a(CKB)3450000000138488 035 $a(WaSeSS)IndRDA00077901 035 $a(NjHacI)993450000000138488 035 $a(EXLCZ)993450000000138488 100 $a20170928d1994 || | 101 0 $aeng 135 $aur||||||||||| 181 $ctxt$2rdacontent 182 $cc$2rdamedia 183 $acr$2rdacarrier 200 00$aAmerican national standard for transformers $eunderground-type three-phase distribution transformers, 2500 kVA and smaller ; high voltage, 34 500 GrdY/19 920 volts and below ; low voltage, 480 volts and below--requirements 210 1$aNew York :$cIEEE,$d1994. 215 $a1 online resource (11 pages) 311 $a0-7381-3628-X 606 $aElectric transformers$xStandards 615 0$aElectric transformers$xStandards. 676 $a621.3 801 0$bWaSeSS 801 1$bWaSeSS 906 $aDOCUMENT 912 $a996279877703316 996 $aAmerican national standard for transformers$92806485 997 $aUNISA